Statistics for International Car Registration Plates

Click here to take the quiz!

General Stats

  • This quiz has been taken 1,026 times
    (1,024 since last reset)
  • The average score is 19 of 36

Answer Stats

CodeCountry% Correct
IRLIreland
98%
GBUnited Kingdom
98%
AUSAustralia
91%
FJIFiji
90%
DGermany
89%
SYRSyria
88%
NZNew Zealand
87%
AAustria
85%
FFrance
83%
NEPNepal
73%
PPortugal
71%
ESpain
71%
HHungary
69%
QQatar
69%
ZZambia
69%
GHGhana
58%
UYUruguay
57%
SSweden
56%
NICNicaragua
52%
NNorway
52%
MALMalaysia
50%
COColombia
46%
ZASouth Africa
46%
TRTurkey
45%
LSLesotho
37%
BWBotswana
29%
ILIsrael
27%
PYParaguay
26%
RMMMali
25%
RAArgentina
13%
MOCMozambique
7%
SYSeychelles
7%
RLLebanon
6%
WSSamoa
6%
BHBelize
4%
RUBurundi
3%

Score Distribution

Percentile by Number Answered

Percent of People with Each Score

Your Score History

You have not taken this quiz since the last reset